| 000 | 00343pam a2200145 a 4500 | ||
|---|---|---|---|
| 020 | _c | ||
| 041 | _aeng | ||
| 082 |
_a575.1 _bFAK |
||
| 100 |
_aFakoner , _eMackay , |
||
| 245 |
_aInteroduction To Quantitative Genetics _hTextual Documents |
||
| 250 | _a2010. | ||
| 260 |
_aNew Delhi _bPearson Education |
||
| 300 | _a464 pg . | ||
| 930 | _a9636 | ||
| 999 |
_c86541 _d86541 |
||